[Event "BAN-chB 42nd"]
[Site "Dhaka"]
[Date "2016.10.20"]
[Round "1"]
[White "Ahmed, Shafiq"]
[Black "Ali, Kawsar"]
[Result "1-0"]
[WhiteElo "2124"]
[BlackElo "1818"]
[PlyCount "53"]
[EventDate "2016.10.20"]
[EventType "swiss"]
[EventRounds "11"]
[EventCountry "BAN"]
[SourceTitle "CBM 175 Extra"]
[Source "ChessBase"]
[SourceDate "2016.12.12"]
[SourceVersion "1"]
[SourceVersionDate "2016.12.12"]
[SourceQuality "1"]

1. e4 e6 2. d4 d5 3. Nc3 Nf6 4. e5 Nfd7 5. f4 c5 6. Nf3 Nc6 7. Be3 Qb6 8. Na4 Qa5+ 9. c3 cxd4 10. b4 Nxb4 11. cxb4 Bxb4+ 12. Bd2 Bxd2+ 13. Nxd2 b5 14. Nb2 Nc5 15. Qc1 Ne4 16. a4 Bd7 17. axb5 Qc3 18. Qxc3 dxc3 19. Nxe4 cxb2 20. Nd6+ Ke7 21. Rb1 f6 22. Bd3 a6 23. bxa6 Rhb8 24. Nb7 fxe5 25. fxe5 g6 26. Rxb2 Rc8 27. Kd2 1-0

[Event "BAN-chB 41st"]
[Site "Dhaka"]
[Date "2015.10.18"]
[Round "4"]
[White "Md, Nasim Hossain Bhuiy"]
[Black "Ali, Kawsar"]
[Result "1/2-1/2"]
[WhiteElo "1855"]
[BlackElo "1851"]
[PlyCount "32"]
[EventDate "2015.10.15"]
[EventType "swiss"]
[EventRounds "11"]
[EventCountry "BAN"]
[SourceTitle "EXT 2017"]
[Source "ChessBase"]
[SourceDate "2016.10.25"]
[SourceVersion "1"]
[SourceVersionDate "2016.10.25"]
[SourceQuality "1"]

1. e4 e6 2. d4 d5 3. Nc3 Bb4 4. Bd2 Nf6 5. e5 Bxc3 6. Bxc3 Ne4 7. Qf3 c5 8. dxc5 Nxc5 9. Bd4 b6 10. Ne2 Nc6 11. c3 Ba6 12. Ng3 Bxf1 13. Nxf1 Qg5 14. Qg3 Qxg3 15. hxg3 Nd3+ 16. Ke2 Nxb2 1/2-1/2

[Event "New Delhi Parsvnath op 4th"]
[Site "New Delhi"]
[Date "2006.01.15"]
[Round "1"]
[White "Meenakshi, Subbaraman"]
[Black "Ali, Kawsar"]
[Result "1-0"]
[WhiteElo "2289"]
[BlackElo "2038"]
[PlyCount "117"]
[EventDate "2006.01.15"]
[EventType "swiss"]
[EventRounds "10"]
[EventCountry "IND"]
[SourceTitle "CBM 110 Extra"]
[Source "ChessBase"]
[SourceDate "2006.03.10"]
[SourceVersion "2"]
[SourceVersionDate "2006.03.10"]
[SourceQuality "1"]

1. d4 d5 2. c4 e6 3. Nc3 Nf6 4. cxd5 exd5 5. Bg5 Be7 6. e3 0-0 7. Bd3 c6 8. Qc2 Nbd7 9. Nf3 h6 10. Bh4 Re8 11. 0-0 Ne4 12. Bxe7 Qxe7 13. Bxe4 dxe4 14. Nd2 f5 15. Rab1 Nf6 16. b4 Be6 17. Rfc1 Rac8 18. Qa4 a6 19. Qd1 Qd6 20. h3 b5 21. a3 a5 22. Nb3 axb4 23. axb4 Nd5 24. Nc5 Nxc3 25. Rxc3 Bd5 26. Ra3 f4 27. Qg4 fxe3 28. fxe3 Ra8 29. Rba1 Rxa3 30. Rxa3 Rf8 31. Ra7 Rf7 32. Qc8+ Rf8 33. Qg4 Rf7 34. Rxf7 Kxf7 35. Qf5+ Qf6 36. Qh5+ Qg6 37. Qe5 Qf6 38. Qc7+ Qe7 39. Qg3 Qf6 40. Nd7 Qe7 41. Qf4+ Ke8 42. Nc5 Qf6 43. Qxf6 gxf6 44. Kf2 Kf7 45. Kg3 f5 46. Kf4 Kf6 47. g4 fxg4 48. hxg4 Kg6 49. Nxe4 Be6 50. Nc5 Bc8 51. Nd3 Kf6 52. Ne5 Bb7 53. e4 Ke6 54. Nf3 Kf6 55. e5+ Ke6 56. Nh4 Kd5 57. Nf5 Ba6 58. Nd6 Ke6 59. Ke4 1-0